[Event "FIN-chT 1718"]
[Site "Finland"]
[Date "2017.12.02"]
[Round "5.4"]
[White "Nyysti, Sampsa"]
[Black "Pulkkinen, Kari"]
[Result "0-1"]
[WhiteElo "2337"]
[BlackElo "2214"]
[PlyCount "112"]
[EventDate "2017.09.16"]
[EventType "team-tourn"]
[EventRounds "11"]
[EventCountry "FIN"]
[SourceTitle "EXT 2019"]
[Source "ChessBase"]
[SourceDate "2018.10.10"]
[SourceVersion "1"]
[SourceVersionDate "2018.10.10"]
[SourceQuality "1"]
[WhiteTeam "Helsinki SSK"]
[BlackTeam "Helsinki Aatos"]
[WhiteTeamCountry "FIN"]
[BlackTeamCountry "FIN"]

1. e4 c5 2. Na3 Nc6 3. Bb5 g6 4. c3 Bg7 5. d3 Nf6 6. f4 0-0 7. Nf3 a6 8. Bxc6 dxc6 9. 0-0 b5 10. c4 Bg4 11. Be3 Bxf3 12. Qxf3 b4 13. Nb1 Qxd3 14. e5 Ng4 15. Bxc5 Qxc4 16. Bxe7 Qd4+ 17. Kh1 Rfe8 18. Qxg4 Rxe7 19. Rd1 Qxb2 20. Nd2 Qc2 21. Nf3 Rae8 22. Rd2 Qc4 23. Rd4 Qb5 24. Qh4 c5 25. Rd5 Qc4 26. Rad1 h6 27. Qg3 a5 28. Qf2 Qxf4 29. Qxc5 Bxe5 30. Re1 Bf6 31. Rxe7 Rxe7 32. Rd1 Qc7 33. Qd5 a4 34. Qd2 Kg7 35. Qxb4 Qc2 36. Qd2 Re2 37. Qxc2 Rxc2 38. Rd2 Rc1+ 39. Ng1 a3 40. g3 Ra1 41. Kg2 Bb2 42. Ne2 Rxa2 43. Nc3 Ra1 44. Rc2 a2 45. Nxa2 Rxa2 46. h4 Kf6 47. Re2 Kf5 48. Kh3 g5 49. hxg5 hxg5 50. Rf2+ Ke6 51. Re2+ Kd5 52. Rc2 f6 53. Kg2 Ke4 54. Kh3 Kd3 55. Rf2 Kc4 56. Kg4 Kb3 0-1

[Event "FIN-chT 1718"]
[Site "Finland"]
[Date "2017.09.17"]
[Round "2.4"]
[White "Pulkkinen, Kari"]
[Black "Kekki, Petri"]
[Result "1-0"]
[WhiteElo "2214"]
[BlackElo "2350"]
[PlyCount "90"]
[EventDate "2017.09.16"]
[EventType "team-tourn"]
[EventRounds "11"]
[EventCountry "FIN"]
[SourceTitle "CBM 180 Extra"]
[Source "ChessBase"]
[SourceDate "2017.10.06"]
[SourceVersion "1"]
[SourceVersionDate "2017.10.06"]
[SourceQuality "1"]
[WhiteTeam "Helsinki Aatos"]
[BlackTeam "Espoo MatSK"]
[WhiteTeamCountry "FIN"]
[BlackTeamCountry "FIN"]

1. e4 e6 2. d4 d5 3. Nc3 h6 4. e5 c5 5. dxc5 Bxc5 6. Qg4 g6 7. Bd3 Qb6 8. Nf3 Nc6 9. 0-0 Bd7 10. a3 Nd4 11. Ne2 Nxe2+ 12. Bxe2 a5 13. Bd2 a4 14. b4 axb3 15. cxb3 Qxb3 16. Rfb1 Qc2 17. Rc1 Qb2 18. Rab1 Qxa3 19. Rxb7 Ne7 20. h4 Rc8 21. Qf4 Bc6 22. Rbb1 Qa7 23. Rxc5 Qxc5 24. Qf6 Rh7 25. Bb4 Qa7 26. Rc1 Ng8 27. Qf4 Qb7 28. Ba3 Ne7 29. Nd4 Bd7 30. Rxc8+ Nxc8 31. Bd3 Ne7 32. Qf6 Ng8 33. Qf4 Ne7 34. Qf6 Ng8 35. Qf4 Rg7 36. Qc1 Qc8 37. Qb2 f5 38. exf6 Nxf6 39. Nxe6 Kf7 40. Nxg7 Kxg7 41. Be7 Qc6 42. Bb5 Qe6 43. Qxf6+ Qxf6 44. Bxf6+ Kxf6 45. Bxd7 d4 1-0

[Event "FIN-chT 1617"]
[Site "Finland"]
[Date "2017.03.11"]
[Round "10.5"]
[White "Vinke, Dietmar"]
[Black "Pulkkinen, Kari"]
[Result "1/2-1/2"]
[WhiteElo "2123"]
[BlackElo "2229"]
[PlyCount "65"]
[EventDate "2016.09.17"]
[EventType "team-tourn"]
[EventRounds "11"]
[EventCountry "FIN"]
[SourceTitle "EXT 2018"]
[Source "ChessBase"]
[SourceDate "2017.10.13"]
[SourceVersion "1"]
[SourceVersionDate "2017.10.13"]
[SourceQuality "1"]
[WhiteTeam "Oulu OSS"]
[BlackTeam "Helsinki Aatos"]
[WhiteTeamCountry "FIN"]
[BlackTeamCountry "FIN"]

1. d4 Nf6 2. Nf3 g6 3. g3 Bg7 4. Bg2 0-0 5. 0-0 c5 6. d5 d6 7. c4 b5 8. cxb5 a6 9. bxa6 Bxa6 10. Re1 Nbd7 11. h3 Nb6 12. Nc3 Nfd7 13. e4 Nc4 14. Nd2 Nde5 15. Nxc4 Nxc4 16. Bf1 Qa5 17. Bxc4 Bxc4 18. Bd2 Rfb8 19. Qc2 Qa6 20. Bf4 Bd4 21. b3 Bd3 22. Qd2 f5 23. exf5 Bxf5 24. Rxe7 Rxb3 25. Rc1 Ra3 26. g4 Bd3 27. Bh6 Be5 28. Re1 Qc4 29. R1xe5 dxe5 30. Qg5 Qf4 31. Qh4 g5 32. Rg7+ Kh8 33. Rxg5 1/2-1/2